Prótesis fija estética: un enfoque clínico e interdisciplinario (Registro nro. 6964)

Detalles MARC
000 -Cabecera
Campo de control de longitud fija 00958aam a2200337 4500
005 - Fecha y hora de la última transacción
Campo de control 20260528162112.0
008 - Elementos de longitud fija--Información general
Campo de control de longitud fija 150729b2007 xxu||||| |||| 00| 0 spa d
020 ## - International Standard Book Number
Número Internacional Estándar del Libro (ISBN) 9788481749168
041 ## - Idioma
Código de idioma Español
082 ## - Clasificación Decimal Dewey
Número de clasificación 617.692 M258pro
100 ## - Entrada principal--Autor personal
Nombre personal Mallat Callis, Ernest
9 (RLIN) 9754
245 ## - Título propiamente dicho
Título Prótesis fija estética: un enfoque clínico e interdisciplinario
260 ## - Pie de imprenta
Lugar de publicación, distribución, etc. España
260 ## - Pie de imprenta
Nombre del editor, distribuidor, etc. ELSEVIER
260 ## - Pie de imprenta
Fecha de publicación, distribución, etc. 2007
300 ## - Descripción física
Extensión 382 páginas
300 ## - Descripción física
Otras características físicas Fotografías a color
490 ## - Serie
Título de la Serie Mecánica Dental
650 ## - Materia general
Temática (materia general) PRÓTESIS DENTALES
650 ## - Materia general
Temática (materia general) PERIODONCIA
650 ## - Materia general
Temática (materia general) RECONSTRUCCIÓN DE DIENTES
650 ## - Materia general
Temática (materia general) ORTODONCIA INTERDISCIPLINARIA
650 ## - Materia general
Temática (materia general) DEFORMIDADES MAXILOFACIALES
650 ## - Materia general
Temática (materia general) PREPARACIÓN DE PILARES
650 ## - Materia general
Temática (materia general) TOMA DE IMPRESIONES
650 ## - Materia general
Temática (materia general) CEMENTADO DEFINITIVO
650 ## - Materia general
Temática (materia general) CARILLAS DE PORCELANA
650 ## - Materia general
Temática (materia general) TECNOLOGÍA CAD-CAM
650 ## - Materia general
Temática (materia general) CUBETAS INDIVIDUALES
942 ## - Punto de acceso adicional KOHA
Tipo de ítem KOHA Libro
Fuente del sistema de clasificación o colocación Dewey Decimal Classification
Existencias
Signatura completa Código de barras Programa Académico Tipo de ítem
617.692 M258pro 12029 Mecánica Dental Libro
617.692 M258pro 12030 Mecánica Dental Libro
617.692 M258pro 12031 Mecánica Dental Libro